Vật lí 11 nâng cao : Sách giáo viên

Sách gồm hai phần: phần 1 giới thiệu chương trình và sách giáo khoa Vật lí 11. Phần 2 hướng dẫn giảng dạy từng bài, trong mỗi bài điều có mục tiêu, chuẩn bị, thông tin bổ sung, gợi ý về phương pháp và tổ chức hoạt động dạy học....

Full description

Saved in:
Bibliographic Details
Main Author: Nguyễn, Thế Khôi
Format: Book
Language:Undetermined
Published: Hà Nội Giáo dục Việt Nam 2013
Subjects:
Tags: Add Tag
No Tags, Be the first to tag this record!
Institutions: Trung tâm Học liệu Trường Đại học Cần Thơ
LEADER 01048nam a2200229Ia 4500
001 CTU_236631
008 210402s9999 xx 000 0 und d
020 |c 15900 
082 |a 530.0712 
082 |b Kh452 
100 |a Nguyễn, Thế Khôi 
245 0 |a Vật lí 11 nâng cao : 
245 0 |b Sách giáo viên 
245 0 |c Nguyễn Thế Khôi (Tổng chủ biên) 
260 |a Hà Nội 
260 |b Giáo dục Việt Nam 
260 |c 2013 
520 |a Sách gồm hai phần: phần 1 giới thiệu chương trình và sách giáo khoa Vật lí 11. Phần 2 hướng dẫn giảng dạy từng bài, trong mỗi bài điều có mục tiêu, chuẩn bị, thông tin bổ sung, gợi ý về phương pháp và tổ chức hoạt động dạy học. 
650 |a Vật lý,Physics 
650 |x Dạy và học (Trung học),Study and teaching (Sacondary) 
904 |i Hải 
980 |a Trung tâm Học liệu Trường Đại học Cần Thơ